Vreckový atlas sveta
Guardado en:
| Formato: | Libro |
|---|---|
| Lenguaje: | eslovaco |
| Publicado: |
Bratislava
Slovenská kartografia
1986
|
| Edición: | 8. nezmen. vyd. |
| Etiquetas: |
Sin Etiquetas, Sea el primero en etiquetar este registro!
|
MARC
| LEADER | 00000nam a2200000 4500 | ||
|---|---|---|---|
| 001 | c105478 | ||
| 005 | 20180827100813.3 | ||
| 041 | 0 | |a slo | |
| 044 | |a SK | ||
| 245 | 1 | 0 | |a Vreckový atlas sveta |
| 250 | |a 8. nezmen. vyd. | ||
| 264 | 1 | |a Bratislava |b Slovenská kartografia |c 1986 | |
| 300 | |a 68 s. | ||